A területi védőnő szerepe a gyermekágy időszakában

Elmentve itt :
Bibliográfiai részletek
Szerző: Csávás Fanni
További közreműködők: Simon Katalin (Témavezető)
Dokumentumtípus: Szakdolgozat
Megjelent: 2020
Tárgyszavak:
Online Access:http://diploma.bibl.u-szeged.hu/107799
LEADER 00709nta a2200181 i 4500
001 dipl107799
005 20210305072707.0
008 210303s2020 hu om 0|| zxx d
040 |a SZTE Diploma Repozitórium  |b hun 
041 |a zxx 
100 1 |a Csávás Fanni 
245 1 2 |a A területi védőnő szerepe a gyermekágy időszakában  |h [elektronikus dokumentum] /  |c Fanni Csávás 
246 1 0 |a The role of the regional health visitor during the postpartum period  |h [elektronikus dokumentum] 
260 |c 2020 
650 4 |a Orvos- és egészségtudományok 
650 4 |a Health sciences 
700 1 |a Simon Katalin  |e ths 
856 4 0 |u http://diploma.bibl.u-szeged.hu/id/eprint/107799/1/2020_csavas_fanni.pdf  |z Dokumentum-elérés